Coupe du Monde Rugby: France - Statistiques

Statistiques générales
  • Ce quiz a été pris 215 fois
  • Le résultat moyen est 17 sur 20
Statistiques - réponses
Réponse % Correct
Nouvelle-Zélande
100%
Italie
99%
Angleterre
98%
Australie
98%
Afrique du Sud
97%
Ecosse
97%
Pays de Galles
97%
Argentine
96%
Irlande
96%
Japon
94%
Etats-Unis
92%
Fidji
91%
Namibie
91%
Tonga
89%
Canada
84%
Uruguay
84%
Géorgie
78%
Roumanie
76%
Zimbabwe
51%
Côte d'Ivoire
40%
Aucun quiz correspondant
Distribution des résultats
% des personnes avec chaque résultat
Percentile par nombre de réponses
Votre historique - résultats
Vous n’avez pas pris ce quiz